000 00454nam a2200169Ia 4500
003 GCL
008 140319s9999 xx 000 0 ara d
040 _aGCL /
_cGCL
082 0 4 _a810.9
_bع ر
100 1 _aعلى شلش
245 1 0 _aروايات عربية معاصرة /
_cعلى شلش
300 _a109 ص
490 _aكتابات نقدية
_v0
650 0 4 _aالادب العربى
650 0 4 _aالقصص العربية
942 _2ddc
_cBK
999 _c47379
_d47379